Top 5 in Rebounds for Each NBA Team - Pre-Merger - Statistics

General Stats
  • This quiz has been taken 38 times
  • The average score is 27 of 85
Answer Stats
Team Rebounds Season(s) Answer % Correct
Boston Celtics 21,620 1957-69 Bill Russell
97%
Golden State Warriors 10,768 1960-65 Wilt Chamberlain
78%
Los Angeles Lakers 6,524 1969-73 Wilt Chamberlain
78%
Philadelphia 76ers 6,632 1965-68 Wilt Chamberlain
78%
Atlanta Hawks 12,849 1955-65 Bob Pettit
69%
Milwaukee Bucks 7,161 1970-75 Kareem Abdul-Jabbar
61%
Los Angeles Lakers 5,366 1961-74 Jerry West
58%
Los Angeles Lakers 11,463 1959-72 Elgin Baylor
56%
Kansas City Kings 6,380 1961-70 Oscar Robertson
56%
Milwaukee Bucks 1,424 1971-74 Oscar Robertson
56%
Washington Bullets 9,340 1969-76 Wes Unseld
56%
Chicago Bulls 3,925 1969-76 Bob Love
53%
Buffalo Braves 3,965 1973-76 Bob McAdoo
50%
Philadelphia 76ers 11,256 1950-64 Dolph Schayes
50%
Washington Bullets 7,243 1964-72 Gus Johnson
50%
Boston Celtics 7,293 1963-76 John Havlicek
50%
Cleveland Cavaliers 1,636 1971-73 John Johnson
50%
Houston Rockets 5,351 1969-72 Elvin Hayes
47%
Washington Bullets 4,522 1973-76 Elvin Hayes
47%
New York Knicks 8,414 1965-74 Willis Reed
47%
Buffalo Braves 2,130 1972-73 Elmore Smith
44%
Milwaukee Bucks 2,266 1969-72 Greg Smith
44%
Golden State Warriors 12,771 1964-74 Nate Thurmond
44%
Buffalo Braves 1,835 1972-76 Randy Smith
44%
Boston Celtics 5,749 1957-65 Tom Heinsohn
44%
Cleveland Cavaliers 2,313 1971-76 Bingo Smith
42%
Philadelphia 76ers 5,665 1959-73 Hal Greer
42%
Kansas City Kings 8,876 1964-70 Jerry Lucas
42%
Golden State Warriors 5,856 1952-59 Neil Johnston
42%
Boston Celtics 7,209 1971-76 Dave Cowens
39%
Kansas City Kings 5,424 1956-66 Jack Twyman
39%
Detroit Pistons 5,736 1971-76 Bob Lanier
36%
Detroit Pistons 4,947 1963-69 Dave DeBusschere
36%
New York Knicks 4,671 1969-74 Dave DeBusschere
36%
Golden State Warriors 6,129 1951-52, 1955-62 Paul Arizin
36%
Washington Bullets 5,438 1962-66 Walt Bellamy
36%
Philadelphia 76ers 6,638 1966-76 Billy Cunningham
33%
Milwaukee Bucks 4,040 1970-76 Bob Dandridge
33%
Chicago Bulls 5,385 1967-76 Jerry Sloan
33%
Phoenix Suns 3,637 1970-74 Neal Walk
33%
Houston Rockets 4,238 1971-76 Rudy Tomjanovich
33%
Seattle SuperSonics 3,954 1971-75 Spencer Haywood
33%
Los Angeles Lakers 5,940 1950-59 Vern Mikkelsen
33%
Chicago Bulls 2,898 1970-75 Chet Walker
31%
Atlanta Hawks 5,116 1957-66 Cliff Hagan
31%
Atlanta Hawks 5,622 1963-69 Zelmo Beaty
31%
New York Knicks 5,935 1949-57 Harry Gallatin
28%
Detroit Pistons 5,200 1951-57 Larry Foust
28%
Philadelphia 76ers 9,506 1955-65 Red Kerr
28%
Los Angeles Lakers 5,571 1960-67 Rudy LaRusso
28%
Detroit Pistons 4,583 1960-64 Bailey Howell
25%
Atlanta Hawks 8,656 1963-72 Bill Bridges
25%
Phoenix Suns 2,806 1970-74 Connie Hawkins
25%
Phoenix Suns 2,335 1969-76 Dick Van Arsdale
25%
Cleveland Cavaliers 1,671 1973-75 Dwight Davis
25%
Boston Celtics 5,798 1961-73 Tom Sanders
25%
New York Knicks 4,825 1960-66 Johnny Green
22%
Phoenix Suns 2,186 1970-74 Lamar Green
22%
Phoenix Suns 2,886 1970-72 Paul Silas
22%
Kansas City Kings 6,042 1971-76 Sam Lacey
22%
Portland Trail Blazers 4,086 1972-76 Sidney Wicks
22%
Golden State Warriors 6,416 1967-74 Clyde Lee
19%
Chicago Bulls 5,374 1969-76 Tom Boerwinkle
19%
Portland Trail Blazers 1,271 1971-76 Geoff Petrie
17%
New York Knicks 5,015 1957-63 Willie Naulls
17%
Chicago Bulls 2,643 1972-74 Clifford Ray
14%
Washington Bullets 2,972 1967-72 Jack Marin
14%
Portland Trail Blazers 2,733 1973-76 Lloyd Neal
14%
Kansas City Kings 6,257 1959-66 Wayne Embry
14%
Cleveland Cavaliers 1,924 1974-76 Jim Brewer
11%
Seattle SuperSonics 2,643 1968-72 Bob Rule
8%
Buffalo Braves 2,124 1974-76 Gar Heard
8%
Houston Rockets 1,962 1974-76 Kevin Kunnert
8%
Seattle SuperSonics 2,813 1968-71 Tom Meschery
8%
Detroit Pistons 4,986 1958-63 Walter Dukes
8%
Buffalo Braves 2,805 1971-74 Bob Kauffman
6%
Milwaukee Bucks 1,818 1972-74 Curtis Perry
6%
Atlanta Hawks 4,214 1954-60 Chuck Share
3%
Portland Trail Blazers 1,489 1971-72 Dale Schlueter
3%
Seattle SuperSonics 2,032 1973-75 Jim Fox
3%
Houston Rockets 2,325 1968-71 John Block
3%
Portland Trail Blazers 1,264 1972-76 Larry Steele
3%
Cleveland Cavaliers 1,494 1972-73 Rick Roberson
3%
Houston Rockets 2,643 1968-71 Toby Kimball
3%
Seattle SuperSonics 1,865 1975-77 Tom Burleson
3%
No matching quizzes found
Score Distribution
Percent of People with Each Score
Percentile by Number Answered
Your Score History
You have not taken this quiz